000
00425nam a2200133Ia 4500
008
100328s9999 xx 000 0 und d
082
_b
29380
100
_a
केळकर न. चि.
245
_a
सुभाषित आणि विनोद
260
_b
नीलकंठ
630
_a
सुभाषित आणि विनोद
730
_a
सुभाषित आणि विनोद
942
_c
BOOK
999
_c
520414
_d
520411